Love in a torn land: one women's daring escape from Saddam's poison gas attacks on the Kurdish people of Iraq (Record no. 89355)
[ view plain ]
| 000 -LEADER | |
|---|---|
| fixed length control field | 00624nam a2200193Ia 4500 |
| 003 - CONTROL NUMBER IDENTIFIER | |
| control field | STCL |
| 008 - FIXED-LENGTH DATA ELEMENTS--GENERAL INFORMATION | |
| fixed length control field | 230726s9999 xx 000 0 und d |
| 020 ## - INTERNATIONAL STANDARD BOOK NUMBER | |
| International Standard Book Number | 9780553818147 |
| 040 ## - CATALOGING SOURCE | |
| Original cataloging agency | STCL |
| Transcribing agency | STCL |
| Language of cataloging | EN |
| 082 ## - DEWEY DECIMAL CLASSIFICATION NUMBER | |
| Edition number | 22 |
| 100 ## - MAIN ENTRY--PERSONAL NAME | |
| Personal name | Sasson, Jean |
| 245 #0 - TITLE STATEMENT | |
| Title | Love in a torn land: one women's daring escape from Saddam's poison gas attacks on the Kurdish people of Iraq |
| 246 ## - VARYING FORM OF TITLE | |
| Title proper/short title | Love in a torn land: one womens daring escape from Saddams poison gas attacks on the Kurdish people of Iraq |
| 260 ## - PUBLICATION, DISTRIBUTION, ETC. (IMPRINT) | |
| Name of publisher, distributor, etc. | Bantam Books |
| Place of publication, distribution, etc. | London |
| Date of publication, distribution, etc. | 2007 |
| 300 ## - PHYSICAL DESCRIPTION | |
| Extent | 431 p |
| 365 ## - TRADE PRICE | |
| Price amount | 399 |
| 546 ## - LANGUAGE NOTE | |
| Language note | English |
| 942 ## - ADDED ENTRY ELEMENTS (KOHA) | |
| Source of classification or shelving scheme | |
| Edition | |
| Koha item type | |
| Withdrawn status | Lost status | Source of classification or shelving scheme | Damaged status | Not for loan | Home library | Current library | Shelving location | Date acquired | Total Checkouts | Total Renewals | Full call number | Barcode | Checked out | Date last seen | Date last checked out | Price effective from | Koha item type |
|---|---|---|---|---|---|---|---|---|---|---|---|---|---|---|---|---|---|
| Santhome Athenaeum | Santhome Athenaeum | General Stacks | 26/07/2023 | 17 | 7 | 823 SAS-L | 98364 | 09/07/2026 | 25/06/2026 | 25/06/2026 | 26/07/2023 | Book |